| 000 | 00808 a2200217 4500 | ||
|---|---|---|---|
| 001 | 26937 | ||
| 005 | 20260407155547.0 | ||
| 008 | 260407a1976 arg spa d | ||
| 003 | AR-UNSa-BCEJYS | ||
| 040 |
_aAR-UNSa-BCEJYS _bspa _cAR-UNSa-BCEJYS |
||
| 080 |
_a711.13 _xPoblación: movimiento, distribución, densidades |
||
| 245 | 1 | 0 | _aSociología y urbanismo |
| 020 | _a84-7088-183-3 | ||
| 264 | 1 |
_aMadrid : _bInstituto de Estudios de Administración Local _c1976 |
|
| 300 |
_a353 p. _c21 cm. |
||
| 505 | _a1. La caracterización de ambas disciplinas - 2. Fundamentos teóricos de una sociología como ciencia auxiliar del urbanismo - 3. Modelos pragmáticos | ||
| 942 | _cBK | ||
| 590 | _aniveau_biblio:m niveau_hierar:0 | ||
| 100 | 1 | _aHernández Orozco, Joaquín | |
| 700 | 1 | _aSchmidt-Relenberg, Norbert | |
| 999 |
_c1520 _d1520 |
||